Дело о контрактах с русским обществом Шуккерт и К° на электрическое освещение и отопление всех театров и зданий Конторы и Театра...

Доступно только в Электронных читальных залах Найти на картеНа карте
RUSMARC
00004103nmc2a22002653x 450
00152dba052-d5b8-4c62-a614-42a3ad94ed0d
00520211108193300.0
100##$a20210810l19011911k l0rusy0189 ca
1010#$arus
102##$aRU
105##$aae##
1222#$ad
2001#$aДело о контрактах с русским обществом Шуккерт и К° на электрическое освещение и отопление всех театров и зданий Конторы и Театрального училища, а также и новых флигелей училища и о паровых котлах
$j27 марта 1901 г. - 30 ноября 1911 г.
215##$a313 л.
$cрис.; план.
$d36,5х26 см
251##$cДело
300##$aПо Московской конторе Дирекции императорских театров
300##$aТекущее
300##$aНа обложке указано: №19-1901 года
371##$aДокумент не является опубликованным и широко распространяемым
461#0$10019264ebf8-de62-4f1a-9eb4-9f22098dbbd5
$12001
$aДирекция императорских театров МИДв
$1251
$cФонд
$1852
$j497
462#0$1001ff15f5e8-b5fa-4fe1-bbcd-275cd0305ec2
$12001
$aДела Санкт-Петербургской конторы Дирекции императорских театров и дела Московской конторы Дирекции императорских театров
$1251
$cОпись
$1852
$j10
801#0$aRU
$bРГИА
$c20210810
$gRCR
801#1$aRU
$bГлавНИВЦ
$c20210810
$2rusmarc
801#2$aRU
$bПБ им. Б.Н. Ельцина
$c20211108
$gRCR
$2rusmarc
850##$aРГИА
852##$aРГИА
$eФедеральное казенное учреждение "Российский государственный исторический архив" (РГИА)
$j1497
937##$hРГИА
$d12361547
$aASBIBLIO_SCAN
035##$aRusGRCC00031072
856##$uhttp://readingroom.main.prlib.ru/item.aspx?id_node=n170196217&mode=full
Формат отображения